Champions League Finale 26 Aufstellung PSG - Arsenal - Statistiken

Allgemein
  • Dieses Quiz wurde 23 mal gespielt
  • Das Durchschnittsergebnis liegt bei 25 aus 33
Antwortstatistiken
Position Spieler % Korrekt
RF Desiré Doué
100%
ST Kai Havertz
100%
IV Marquinhos
100%
ST Ousmane Dembelé
100%
ZDM Vitinha
100%
RF Bukayo Saka
94%
IV Gabriel
94%
IV William Saliba
94%
RV Achraf Hakimi
89%
TW David Raya
89%
ZDM Declan Rice
89%
Auswechlung Gabriel Martinelli
89%
ZM Joao Neves
89%
ZM Martin Ödegaard
89%
IV Willian Pacho
89%
ZM Fabian Ruiz
83%
LF Khvicha Kvaratskhelia
83%
LV Nuno Mendes
83%
Auswechlung Bradley Barcola
78%
Auswechlung Goncalo Ramos
78%
LF Leandro Trossard
78%
TW Matvei Safonov
78%
LV Piero Hincapie
67%
Auswechlung Eberechi Eze
61%
Auswechlung Viktor Gyökeres
61%
Auswechlung Warren Zaire-Emery
61%
Auswechlung Jurrien Timber
50%
Auswechlung Martin Zubimendi
44%
ZM Myles Lewis-Skelly
44%
RV Cristhian Mosquera
39%
Auswechlung Noni Madueke
33%
Auswechlung Lucas Beraldo
28%
Auswechlung Illya Zabarnyi
11%
Keine übereinstimmenden Quizze gefunden
Verteilung der Resultate
Anzahl Personen mit jedem Resultat
Perzentil nach korrekt beantworteten Fragen
Ihre Resultats-Entwicklung
Sie haben dieses Quiz noch nicht gespielt